MARC

Tag First Indicator Second Indicator Subfields
LEADER 00000cgm a2200000Ia 4500
001 in00002781808
005 20150922114846.0
007 vd bvaizm
008 031212p20031937cau086 vleng d
019 |a 71016276 
024 1 |a 014381192223 
028 4 2 |a ID1922CQDVD  |b Image Entertainment 
035 |a (OCoLC)ocm52589181 
035 |a (OCoLC)52589181  |z (OCoLC)71016276 
040 |a CUI  |b eng  |c CUI  |d IBI  |d OCLCQ  |d BTCTA  |d OCLCG  |d RCS  |d OCLCA  |d OCLCQ  |d TXA  |d UtOrBLW 
043 |a n-us--- 
049 |a TXAM 
050 4 |a PN1997  |b .Y6736 2003 
082 0 4 |a 791.43/72  |2 22 
090 |a PN1997  |b .Y655 2003 
245 0 0 |a You only live once /  |c [presented by] Castle Hill Productions ; United Artists Corporation ; produced by Walter Wanger ; directed by Fritz Lang ; screen play, Gene Towne, Graham Baker. 
264 1 |a Chatsworth, CA :  |b Distibuted by Image Entertainment,  |c [2003] 
300 |a 1 videodisc (86 min.) :  |b sound, black and white ;  |c 4 3/4 in. 
336 |a two-dimensional moving image  |b tdi  |2 rdacontent 
337 |a video  |b v  |2 rdamedia 
338 |a videodisc  |b vd  |2 rdacarrier 
538 |a DVD; region 1; NTSC; Dolby Digital, mono. 
511 1 |a Sylvia Sidney, Henry Fonda, Barton MacLane, William Gargan, Jean Dixon, Jerome Cowan, Margaret Hamilton. 
508 |a Photography, Leon Shamroy ; music, Alfred Newman ; film editing, Daniel Mandell. 
500 |a Originally produced as motion picture in 1937. 
520 |a An ill-fated young couple are separated when he is put in prison for a crime he didn't commit. 
500 |a Videorecording. 
650 0 |a False imprisonment  |v Drama. 
650 0 |a Man-woman relationships  |v Drama. 
655 7 |a Film noir.  |2 lcgft 
655 7 |a Feature films.  |2 lcgft 
655 7 |a Fiction films.  |2 lcgft 
700 1 |a Wanger, Walter,  |d 1894-1968. 
700 1 |a Lang, Fritz,  |d 1890-1976. 
700 1 |a Towne, Gene,  |d 1904-1979. 
700 1 |a Baker, Graham,  |d 1883-1950. 
700 1 |a Sidney, Sylvia,  |d 1910-1999. 
700 1 |a Fonda, Henry,  |d 1905-1982. 
700 1 |a MacLane, Barton,  |d 1902-1969. 
700 1 |a Gargan, William,  |d 1905-1979. 
700 1 |a Dixon, Jean,  |d 1896-1981. 
700 1 |a Cowan, Jerome,  |d 1897-1972. 
700 1 |a Hamilton, Margaret,  |d 1902-1985. 
710 2 |a Castle Hill Productions. 
710 2 |a United Artists Corporation. 
710 2 |a Image Entertainment (Firm) 
948 |a cataloged  |b h  |c 2012/9/13  |d c  |e blrosas  |f 2:06:37 pm 
994 |a C0  |b TXA 
999 |a MARS 
999 f f |s 7fa8f931-85c5-37be-b864-c12df075f281  |i 66c8683b-59a0-3029-8c90-cea36b297815  |t 0 
952 f f |p dvd  |a Texas A&M University  |b College Station  |c Sterling C. Evans Library  |d Evans: Media and Reserves (Annex 1st floor)  |t 0  |e PN1997 .Y655 2003  |h Library of Congress classification  |i video -- videodisc  |m A14841519015 
998 f f |a PN1997 .Y655 2003  |t 0  |l Evans: Media and Reserves (Annex 1st floor)